Novostavba administratívnej budovy, areál Istropolis, Bratislava

Salvato in:
Dettagli Bibliografici
Autore principale: Šišková, Zuzana (Autore)
Altri autori: Paňák, Pavel (Relatore della tesi)
Natura: Manoscritto Libro
Lingua:slovacco
Pubblicazione: 2021
Soggetti:
Accesso online:http://is.stuba.sk/zp/portal_zp.pl?podrobnosti=159056
https://opac.crzp.sk/?fn=detailBiblioForm&sid=7E417B54B864B7C45220FE4635AB
Tags: Aggiungi Tag
Nessun Tag, puoi essere il primo ad aggiungerne!!

MARC

LEADER 00000ntm a22000003a 4500
001 stuzp83824
003 SK-STU
005 20230516080203.5
007 ta
008 150427s2015----xo-----f-mn---000-0-slo-d
040 |a STU  |b slo 
041 0 |a slo 
100 1 |a Šišková, Zuzana  |u 010310  |k Z4  |4 aut  |U SvF Stavebná fakulta  |T SvF Katedra architektúry  |X 82494  |U V181|V310  |Y 19  |7 82494 
242 0 1 |a New administrative building, Istropolis complex, Bratislava  |y eng 
245 1 0 |a Novostavba administratívnej budovy, areál Istropolis, Bratislava 
260 |c 2021 
650 4 |a Dom odborov  |2 slo 
650 4 |a Istropolis  |2 slo 
650 4 |a Trnavské mýto  |2 slo 
650 4 |a administratívna budova  |2 slo 
650 4 |a House of Unions  |2 eng 
650 4 |a Trnavské mýto  |2 eng 
650 4 |a administrative building  |2 eng 
650 4 |a Istropolis  |2 eng 
700 1 |a Paňák, Pavel  |u 051110  |k Z1  |4 ths  |U FAD Fakulta architektúry a dizajnu  |T FAD Ústav architektúry obytných budov  |X 70322  |U A1110  |Y 392  |7 A000070322 
856 4 |u http://is.stuba.sk/zp/portal_zp.pl?podrobnosti=159056 
856 4 |u https://opac.crzp.sk/?fn=detailBiblioForm&sid=7E417B54B864B7C45220FE4635AB